Statistiken für Bravo - The Hits 99

Klicken Sie hier um das Quiz zu spielen!

Allgemein

  • Dieses Quiz wurde 57 mal gespielt
  • Das Durchschnittsergebnis liegt bei 9 aus 40

Antwortstatistiken

SongInterpret% Korrekt
... Baby One More TimeBritney Spears
91%
MfG (Mit Freundlichen Grüßen)Die Fantastischen Vier
81%
Livin' La Vida LocaRicky Martin
68%
The Bad TouchBloodhound Gang
61%
Du Trägst Keine Liebe In DirEcht
61%
Larger Than LifeBackstreet Boys
54%
Changes2Pac
40%
I Feel LonelySasha
39%
Big Big WorldEmilia
37%
Schön SeinDie Toten Hosen
33%
Sie Sieht Mich NichtXavier Naidoo
33%
Ö La PalömaÖ La Palöma Boys
30%
King Of My CastleWamdue Project
26%
Flat BeatMr. Oizo
23%
Mamma MiaA*Teens
18%
MariaBlondie
18%
Mamboleo (Mambo Mix)Loona
18%
Ich Leb' Für DichSabrina Setlur
18%
Summer SonTexas
18%
I WishOli.P
16%
Nie WiederSara @ Tic Tac Two
16%
Vater UnserE Nomine
11%
How Do I LiveLeAnn Rimes
9%
I Got A GirlLou Bega
9%
One LoveLiv Kristine
7%
You Are Not AloneModern Talking Feat. Eric Singleton
7%
Kiss MeSixpence None The Richer
7%
All Out Of LoveAndru Donalds
5%
Millennium (Der Countdown Läuft)Aleksey
4%
Dark Side Of The MoonDune
4%
The Last UnicornIn-Mood Feat. Juliette
4%
Jack's BabyJan Josef Liefers
4%
Bis In Die EwigkeitLoewenherz
4%
The Sparrows And The NightingalesMark'Oh Vs. John Davies
4%
Get FreakyMusic Instructor Feat. Abe, Lunatics & Flying Steps
4%
WestsideTQ
4%
New Millenium (What Cha Wanna Do)Cha Cha
2%
It's FunnyJunia
2%
Face To FaceKyrian Hutchinson
2%
It Takes Two (Deeper Love)Spike
2%

Verteilung der Resultate

Perzentil nach korrekt beantworteten Fragen

Anzahl Personen mit jedem Resultat

Ihre Resultats-Entwicklung

Sie haben dieses Quiz noch nicht gespielt